Historical figures on British banknotes - Statistics

General Stats
  • This quiz has been taken 12 times
  • The average score is 9 of 19
Answer Stats
Note Years Answer Known for % Correct
£5 2016- Winston Churchill Prime Minister
100%
£20 1970-1993 William Shakespeare Playwright
90%
£20 2007-2021 Adam Smith Economics/Philosophy
80%
£50 2021- Alan Turing Mathematics/Computing
70%
£10 2000-2018 Charles Darwin Biology/Geology
70%
£10 1992-2003 Charles Dickens Novelist
60%
£10 1975-1994 Florence Nightingale Healthcare
60%
£1 1978-1988 Isaac Newton Physics
60%
£10 2017- Jane Austen Novelist
60%
£50 1981-1996 Christopher Wren Architecture
40%
£5 1971-1991 Duke of Wellington (Arthur Wellesley) Prime Minister
40%
£20 2020- JMW Turner Painting
40%
£20 1999-2010 Edward Elgar Composer
30%
£5 2002-2017 Elizabeth Fry Prison reform
30%
£20 1991-2001 Michael Faraday Chemistry/Physics
20%
£5 1990-2003 George Stephenson Engineering
10%
£50 2011-2022 James Watt Engineering
10%
£50 1994-2012 John Houblon Bank governor
0%
£50 2011-2022 Matthew Boulton Engineering
0%
No matching quizzes found
Score Distribution
Percent of People with Each Score
Percentile by Number Answered
Your Score History
You have not taken this quiz